| 000 | 00610nam a2200205Ia 4500 | ||
|---|---|---|---|
| 005 | 20250508164655.0 | ||
| 008 | 008 250505s9999 xx 000 0 hin d | ||
| 037 | _aTextual | ||
| 040 |
_aFEDL _beng _cFEDL |
||
| 041 |
_ahin _2eng |
||
| 084 |
_a305.4, MIL _qFEDL |
||
| 100 |
_aMill John Stuart Tr. _9778832 |
||
| 245 | 0 | _aStre aur paradhenta: Prakriti, shakti aur bhumika se jude prashan: The subjection of women | |
| 260 |
_aMeerut, India _bSamvad Prakashan _c2008 |
||
| 300 | _a107p. | ||
| 365 |
_aINR _b150 |
||
| 650 | _aWomen | ||
| 942 |
_cTEXL _h305.4, MIL |
||
| 999 |
_c1390481 _d1390481 |
||